000
00360nam a2200133Ia 4500
008
231129s9999||||xx |||||||||||||| ||spa||
020
_a
958-30-0132-5
040
_b
spa
082
_a
796.342 P434t
100
_a
Perea Rosero Tucidides
245
0
_a
Tenis : Reglas oficiales
264
_a
Panamericana
942
_2
ddc
_c
BKS
999
_c
25181
_d
25181